000 01131 a2200229 4500
001 47363
005 20260407155741.0
008 260407a1986 arg spa d
003 AR-UNSa-BCEJYS
040 _aAR-UNSa-BCEJYS
_bspa
_cAR-UNSa-BCEJYS
080 _a94:33
_xHistoria económica
245 1 0 _aLa primera guerra mundial 1914-1918
264 1 _aBarcelona :
_bCrítica
_c1986
300 _a366 p.
_c20 cm.
505 _a1. Economía mundial, imperialismo, guerra - 2. El bloqueo aliado de las potencias centrales - 3. La guerra comercial submarina - 4. Política de armamentos - 5. Abastecimiento de arículos alimentarios durante la guerra - 6. Moneda y finanzas - 7. El movimiento obrero entre la integración y la revolución - 8. Los objetivos de la guerra y el orden posbélico - 9. Descentralización de la economía internacional - 10. El legado de la gran guerra.
041 _aspa
942 _cBK
590 _aniveau_biblio:m niveau_hierar:0
100 1 _aPellissa, Octavi
700 1 _aHardach, Gerd
856 4 1 _uhttps://www.biblioeco.unsa.edu.ar/pmb/images/libros/L127486.jpg
_yImagen de portada
_qimage/jpeg
999 _c4350
_d4350